Surveying and engineering (Record no. 109202)

MARC details
000 -LEADER
fixed length control field 01227cam a22002775a 4500
001 - CONTROL NUMBER
control field L146502
008 - FIXED-LENGTH DATA ELEMENTS--GENERAL INFORMATION
fixed length control field 090127s2008 xxk f 001 0 eng d
020 ## - INTERNATIONAL STANDARD BOOK NUMBER
International Standard Book Number 9781405159234
035 ## - SYSTEM CONTROL NUMBER
System control number (Sirsi) u146502
041 0# - LANGUAGE CODE
Language code of text/sound track or separate title eng
050 04 - LIBRARY OF CONGRESS CALL NUMBER
Classification number 690.2 $1 8
245 00 - TITLE STATEMENT
Title Surveying and engineering
Remainder of title principles and practice
260 ## - PUBLICATION, DISTRIBUTION, ETC.
Place of publication, distribution, etc. Oxford
Name of publisher, distributor, etc. Blackwell Publishing
Date of publication, distribution, etc. 2008
300 ## - PHYSICAL DESCRIPTION
Extent xviii, 286 p.
Dimensions 25 cm.
350 ## - PRICE (NR) (BK AM CF MU VM SE) [OBSOLETE]
Price 34.99
505 2# - FORMATTED CONTENTS NOTE
Formatted contents note Introduction -- Principles and practice of management -- Management of health and safety at work -- Building adaptation -- Fire safety -- Advanced building control -- Sustainable construction
520 ## - SUMMARY, ETC.
Summary, etc. Discusses the key principles and practices of surveying and building engineering. Includes a reading list in each chapter, case studies and self-assessment questions. Aims at undergraduates students in building surveying, construction management, and quantity surveying, and in building engineering. Also useful for practitioners as reference publication.
521 ## - TARGET AUDIENCE NOTE
Target audience note Advanced
590 ## - LOCAL NOTE (RLIN)
Local note KA
651 #4 - SUBJECT ADDED ENTRY--GEOGRAPHIC NAME
Geographic name United Kingdom
Chronological subdivision
690 ## - LOCAL SUBJECT ADDED ENTRY--TOPICAL TERM (OCLC, RLIN)
Topical term or geographic name as entry element Building surveying
9 (RLIN) 6225
690 ## - LOCAL SUBJECT ADDED ENTRY--TOPICAL TERM (OCLC, RLIN)
Topical term or geographic name as entry element BUILT ENVIRONMENT-ENGINEERING
700 1# - ADDED ENTRY--PERSONAL NAME
Personal name Watson, Paul
942 ## - ADDED ENTRY ELEMENTS (KOHA)
Suppress in OPAC 0
Holdings
Withdrawn status Lost status Source of classification or shelving scheme Damaged status Not for loan Home library Current library Shelving location Date acquired Cost, normal purchase price Total Checkouts Full call number Barcode Date last seen Copy number Cost, replacement price Price effective from Koha item type
    Dewey Decimal Classification     London London Books 12/02/2009 34.99   690.2 WAT 30079652 06/08/2019 1 34.99 06/08/2019 Book